STCW including 2010 manila amendments : STCW convention and STCW code (Record no. 11984)

000 -LEADER
fixed length control field 00524nam a22001697a 4500
008 - FIXED-LENGTH DATA ELEMENTS--GENERAL INFORMATION
fixed length control field 210920b 2017 ||||| |||| 00| 0 eng d
020 ## - INTERNATIONAL STANDARD BOOK NUMBER
International Standard Book Number 9789280116359
082 ## - DEWEY DECIMAL CLASSIFICATION NUMBER
Classification number 623.88
Item number IMO
110 ## - MAIN ENTRY--CORPORATE NAME
Corporate name or jurisdiction name as entry element International Maritime Organization
245 ## - TITLE STATEMENT
Title STCW including 2010 manila amendments : STCW convention and STCW code
260 ## - PUBLICATION, DISTRIBUTION, ETC. (IMPRINT)
Place of publication, distribution, etc London
Name of publisher, distributor, etc International Maritime Organization
Date of publication, distribution, etc 2017
300 ## - PHYSICAL DESCRIPTION
Extent v,378p.
650 ## - SUBJECT ADDED ENTRY--TOPICAL TERM
Topical term or geographic name as entry element Master and Deck department
650 ## - SUBJECT ADDED ENTRY--TOPICAL TERM
Topical term or geographic name as entry element Engine Department
650 ## - SUBJECT ADDED ENTRY--TOPICAL TERM
Topical term or geographic name as entry element Watchkeeping
942 ## - ADDED ENTRY ELEMENTS (KOHA)
Item type Books
Holdings
Withdrawn status Lost status Source of classification or shelving scheme Damaged status Not for loan Collection code Permanent location Current location Shelving location Date acquired Total Checkouts Total Renewals Full call number Barcode Date last seen Date last borrowed Koha item type Public note
          Non-fiction IMU-MPC Library IMU-MPC Library IMO Shelf 2021-09-20 3 1 623.88 IMO MPC6389 2025-03-17 2024-07-02 Books IMO SHELF
Copyright © 2021 Indian Maritime University, Mumbai Port Campus. All Rights Reserved. Managed & Maintained by Central Library, IMU-Mumbai

webs counters

Powered by Koha